Statistics for Namur, Namen: Communes, Gemeenten

Click here to take the quiz!

General Stats

  • This quiz has been taken 667 times
  • The average score is 20 of 38

Answers on the Map

Answers color-coded by a green-red scale on the quiz's map according to % correct below.
 

Answer Stats

Solutions / Antwoorden% Correct
Namur / Namen
100%
Dinant
86%
Couvin
74%
Philippeville
71%
Andenne
69%
Gembloux / Gembloers
68%
Ciney
65%
Sambreville
61%
Rochefort
58%
Yvoir
58%
Éghezée
56%
Jemeppe-sur-Sambre
56%
Beauraing
55%
Profondeville
55%
Viroinval
53%
Vresse-sur-Semois
52%
Gedinne
51%
Walcourt
49%
Anhée
48%
Doische
48%
Floreffe
47%
Florennes
47%
La Bruyère
47%
Assesse
46%
Bièvre
46%
Hastière
45%
Cerfontaine
44%
Fernelmont
44%
Fosses-la-Ville
44%
Houyet
44%
Mettet
44%
Ohey
44%
Sombreffe
44%
Somme-Leuze
42%
Havelange
40%
Onhaye
39%
Hamois
38%
Gesves
37%

Score Distribution

Percentile by Number Answered

Percent of People with Each Score

Your Score History

You have not taken this quiz